<?xml version="1.0" encoding="UTF-8"?>
<record
    xmlns:xsi="http://www.w3.org/2001/XMLSchema-instance"
    xsi:schemaLocation="http://www.loc.gov/MARC21/slim http://www.loc.gov/standards/marcxml/schema/MARC21slim.xsd"
    xmlns="http://www.loc.gov/MARC21/slim">

  <leader>02052nam a2200229 a 4500</leader>
  <controlfield tag="008">161215t1998    spaa|||g  ||| 001 1 spa d</controlfield>
  <datafield tag="020" ind1=" " ind2=" ">
    <subfield code="a">9501519031</subfield>
  </datafield>
  <datafield tag="041" ind1=" " ind2=" ">
    <subfield code="a">spa</subfield>
  </datafield>
  <datafield tag="092" ind1=" " ind2=" ">
    <subfield code="c">809</subfield>
    <subfield code="l">10</subfield>
    <subfield code="s">CAR</subfield>
  </datafield>
  <datafield tag="100" ind1="1" ind2=" ">
    <subfield code="a">Carranza, Fermin</subfield>
    <subfield code="9">3107</subfield>
  </datafield>
  <datafield tag="245" ind1=" " ind2=" ">
    <subfield code="a">Revolucionarios de la ciencia.</subfield>
    <subfield code="b">Vida e historia de los creadores de la medicina moderna /</subfield>
    <subfield code="c">Fermin Carranza</subfield>
  </datafield>
  <datafield tag="250" ind1=" " ind2=" ">
    <subfield code="a">1a ed.</subfield>
  </datafield>
  <datafield tag="260" ind1=" " ind2=" ">
    <subfield code="a">Buenos Aires:</subfield>
    <subfield code="b">Vergara;</subfield>
    <subfield code="c">1998.</subfield>
  </datafield>
  <datafield tag="300" ind1=" " ind2=" ">
    <subfield code="a">302 p.</subfield>
  </datafield>
  <datafield tag="500" ind1=" " ind2=" ">
    <subfield code="a">Carranza, F., Blitzer, B. y Platt, P. I. C. (1998). Revolucionarios de la ciencia. Vida e historia de los creadores de la medicina moderna. (1a ed.). Buenos Aires : Vergara.</subfield>
  </datafield>
  <datafield tag="505" ind1=" " ind2=" ">
    <subfield code="a">&#xBF;Qui&#xE9;n descubri&#xF3; la anestesia, los rayos X y la radiactividad? &#xBF;Cu&#xE1;ndo y c&#xF3;mo lo hicieron? &#xBF;Qui&#xE9;n estudi&#xF3; los microbios, los genes y las infecciones? El doctor Ferm&#xED;n Carranza contesta todas las dudas que uno pueda tener sobre el origen de la ciencia moderna en una obra cuya lectura resulta amena a la vez que did&#xE1;ctica. A trav&#xE9;s de una serie de breves biograf&#xED;as de los padres de la medicina actual, el autor relata los fant&#xE1;sticos avances logrados durante el siglo pasado por lo hombres "revolucionarios", abnegados, due&#xF1;os de una gran dedicaci&#xF3;n y una inmensa capacidad de creaci&#xF3;n. Fueron realmente pioneros pues supieron adelantarse a su &#xE9;poca y defender sus novedosas teor&#xED;as sin amedrentarse frente a las cr&#xED;ticas -en muchos casos violentas- de sus colegas. La aparici&#xF3;n de la anestesia y de los rayos X, la extracci&#xF3;n indolora de muelas, el mundo de los microbios, las infecciones y la nutrici&#xF3;n son algunos de los temas tratados en el libro, mientras que Luis Pasteur, Marie Curie, Alexander Fleming, Sigmund Freud y Gregor Mendel, entre otros famosos personajes, son retratados por medio de an&#xE9;cdotas e historias personales con un estilo sencillo y atractivo. </subfield>
  </datafield>
  <datafield tag="590" ind1=" " ind2=" ">
    <subfield code="a">Donaci&#xF3;n M&#xF3;nica Reyna. Proyecto 4to libro</subfield>
  </datafield>
  <datafield tag="655" ind1=" " ind2=" ">
    <subfield code="a">Biografias</subfield>
    <subfield code="9">3108</subfield>
  </datafield>
  <datafield tag="700" ind1="1" ind2=" ">
    <subfield code="a">Blitzer, Bernardo</subfield>
    <subfield code="e">Col.</subfield>
    <subfield code="9">3109</subfield>
  </datafield>
  <datafield tag="700" ind1="1" ind2=" ">
    <subfield code="a">Platt, Patricia I.C.</subfield>
    <subfield code="e">Col.</subfield>
    <subfield code="9">3110</subfield>
  </datafield>
  <datafield tag="942" ind1=" " ind2=" ">
    <subfield code="2">ddc</subfield>
    <subfield code="c">LIT</subfield>
  </datafield>
  <datafield tag="999" ind1=" " ind2=" ">
    <subfield code="c">2292</subfield>
    <subfield code="d">2292</subfield>
  </datafield>
  <datafield tag="952" ind1=" " ind2=" ">
    <subfield code="0">0</subfield>
    <subfield code="1">0</subfield>
    <subfield code="2">ddc</subfield>
    <subfield code="4">0</subfield>
    <subfield code="7">0</subfield>
    <subfield code="8">FIC</subfield>
    <subfield code="a">BFM</subfield>
    <subfield code="b">BFM</subfield>
    <subfield code="c">CR</subfield>
    <subfield code="d">2017-02-20</subfield>
    <subfield code="e">Donaci&#xF3;n M&#xF3;nica Reyna, 2017</subfield>
    <subfield code="l">0</subfield>
    <subfield code="o">809 10 CAR</subfield>
    <subfield code="p">3772</subfield>
    <subfield code="r">2017-02-20</subfield>
    <subfield code="t">Ej.1</subfield>
    <subfield code="w">2017-02-20</subfield>
    <subfield code="y">LIT</subfield>
    <subfield code="z">Proyecto 4to libro. Donaci&#xF3;n Reina, Monica</subfield>
  </datafield>
</record>
